| 000 | 01173nam a22002297a 4500 | ||
|---|---|---|---|
| 999 |
_c61566 _d61566 |
||
| 003 | Ge_BSU | ||
| 005 | 20240325160831.0 | ||
| 008 | 240325s2021 ge ||||| |||| 00| 0 geo d | ||
| 020 | _a9789941973246 | ||
| 041 | _ageo | ||
| 080 | _a005.95/96(075.8) კ-57 | ||
| 100 |
_aკიწმარიშვილი, ქეთევან, ავტორი. _921575 |
||
| 245 |
_aპერსონალის მართვა : _b (პრაქტიკული) / _cქეთევან კიწმარიშვილი ; რედ. გოდერძი ტყეშელაშვილი |
||
| 264 |
_aთბილისი : _bსამართლიანი საქართველო, _c2021. |
||
| 300 |
_a232 გვ. : _bცხრ. ; _c21 სმ. |
||
| 504 | _aბიბლიოგრაფია: გვ. 229-231. | ||
| 653 | _aპერსონალის მართვა | ||
| 653 | _aადამიანური რესურსების მართვა | ||
| 700 |
_aტყეშელაშვილი, გოდერძი _eრედაქტორი _97734 |
||
| 773 | _tნაჩუქარი | ||
| 942 |
_2udc _cBK |
||